Hands on C level, english workshops: guía didáctica

Uloženo v:
Podrobná bibliografie
Hlavní autoři: Castillo Algaba, María Dolores (Autor), Verdaguer Clavera, isabel (Autor), Celaya Villanueva, María Luz (Autor), Tragant Mestre, Elsa (Autor), Padrós Masuet, Miriam (Autor), González Davies, Maria (Autor), Guardia Massó, Pedro (Autor)
Médium: Kniha
Jazyk:angličtina
Vydáno: Madrid Bruño 1994
Témata:
Tagy: Přidat tag
Žádné tagy, Buďte první, kdo vytvoří štítek k tomuto záznamu!

MARC

LEADER 00000nam a2200000 a 4500
001 UCP5255
003 CL-VaPUC
008 990903e19940000SP |||||||||||||||||eng|d
082 0 4 |a 372.65  |b CAS  |2 21 
100 0 |a Castillo Algaba, María Dolores  |e author  |9 433535 
700 0 |a Verdaguer Clavera, isabel  |e author  |9 433536 
700 0 |a Celaya Villanueva, María Luz  |e author  |9 433537 
700 0 |a Tragant Mestre, Elsa  |e author  |9 433538 
700 0 |a Padrós Masuet, Miriam  |e author  |9 433539 
700 |a González Davies, Maria  |e author  |9 590935 
700 0 |a Guardia Massó, Pedro  |e author  |9 433541 
245 1 0 |a Hands on C level, english workshops: guía didáctica 
300 |a 109 p 
942 |c BK 
945 |d 19990903 00:00:00  |a cmena 
260 |a Madrid  |b Bruño  |c 1994 
650 0 |a Educación básica   |9 224933 
650 0 |a Enseñanza del inglés  |9 367340 
650 0 |a Enseñanza de idiomas  |9 339820 
583 |a last modification  |c 19990903 00:00:00  |k Rodrigo Vera 
999 |c 283028  |d 283026 
952 |0 0  |1 0  |4 0  |6 372_650000000000000_CAS_1994  |7 0  |8 A  |9 325768  |a BIBEDU  |b BIBEDU  |d 2019-11-20  |i 3541290  |o 372.65 CAS 1994  |p 3541290  |r 2019-11-20  |w 2019-11-20  |y BK  |k BME